000 00612nam a22001937a 4500
003 OSt
005 20251217073759.0
008 251217b |||||||| |||| 00| 0 eng d
020 _a0-9544334-6-7
040 _aDWCL-Admin lib
_cOC
082 _aCirc. 641.494 P35f 2005
100 _aPressdee, Colin
245 _a Food Wales:
_bwhere to find, taste and boy the best local foods in wales /
_cColin Pressdee
260 _aUK :
_bgraffeg,
_cc2005.
300 _a191 pages :
_bcolor illustrations ;
_c25cm.
650 _a1. Cooking-- wales
650 _a2. Formula, recipes etc.
942 _2ddc
_cBK-CIRC
_kCirc.
_n0
999 _c7185
_d7185